000
00320nam a2200133Ia 4500
008
220217s9999||||xx |||||||||||||| ||und||
082
_a
510 DSC
100
_a
D.S.C
245
0
_a
Engineering Mathematics IV
250
_a
5
260
_a
Prism book
_b
Bangalore
_c
2012
300
_a
498
_b
290
650
_a
MATHEMATICS
999
_c
183434
_d
183434